000 00606nam a2200253Ia 4500
005 20260121160227.0
008 008 260114s9999 xx 000 0 eng d
020 _a9780429492273
037 _aEBOOK
040 _aCRL
040 _beng
040 _cCRL
041 _2eng
041 _aeng
084 _qCRL
100 _a Mark Leffert
_91029285
245 0 _aPsychoanalysis and the Birth of the Self
260 _bTaylor and Francis
260 _c2018
856 _uhttp://www.taylorfrancis.com/books/9780429492273
942 _cEBOOK
999 _c1596101
_d1596101